00784nam a2200181 a 450000100100000000500170001000800410002704000250006808200150009310000350010824500570014326000680020030000280026850000570029695201130035395201190046699900170058500004427620201002045248.0140612s1999 dr 000 0 spa d aDO-SdBNPbspacBNPHU axxxxbxxxx1 aRodríguez M., Adriano97228010aDioses i hombres violentos /cAdriano Rodríguez M. aSanto Domingo :b[I. C. S. A., Impresos computarizados],c1999. a263 p. :bil. ;c21 cm. aIncluye datos biográficos del autor en las solapas 0010718PDaPDbPDcCTd2014-06-12iLF1l0oxxxx xxxxp44276-10r2020-06-25w2020-06-25yLFPDZNo se presta 0010718PDaPDbPDcCTd2014-06-12iLF1l0oxxxx xxxxp44276-20r2020-06-25te. 2w2020-06-25yLFPDZNo se presta c43765d43765